Poľnohospodárstvo bolo v roku 1994 z hľadiska úverovania tretím najrizikovejším odvetvím
Výskumné analýzy dokazujú, že agropotravinársky sektor patrí k odvetviam menej atraktívnym, kde riziká úverovania sú podstatne vyššie, kde proces transformácie síce pokročil, ale ešte neskončil. Možnosti financovania agrosektora. Postavenie a úloha Poľnobanky, a.s. Bratislava.
Salvato in:
| Autore principale: | |
|---|---|
| Natura: | Capitolo di libro |
| Lingua: | slovacco |
| Soggetti: | |
| Tags: |
Nessun Tag, puoi essere il primo ad aggiungerne!!
|
MARC
| LEADER | 00000naa a2200000 4500 | ||
|---|---|---|---|
| 001 | r020443 | ||
| 005 | 20221213101012.8 | ||
| 041 | 0 | |a slo | |
| 044 | |a SK | ||
| 245 | 1 | 0 | |a Poľnohospodárstvo bolo v roku 1994 z hľadiska úverovania tretím najrizikovejším odvetvím |c Ľ. Pósa |
| 520 | |a Výskumné analýzy dokazujú, že agropotravinársky sektor patrí k odvetviam menej atraktívnym, kde riziká úverovania sú podstatne vyššie, kde proces transformácie síce pokročil, ale ešte neskončil. Možnosti financovania agrosektora. Postavenie a úloha Poľnobanky, a.s. Bratislava. | ||
| 610 | 2 | 0 | |a poľnohospodárstvo |
| 610 | 2 | 0 | |a potravinárstvo |
| 610 | 2 | 0 | |a Slovensko |
| 610 | 2 | 0 | |a Poľnobanka, a.s. Bratislava |
| 610 | 2 | 0 | |a financovanie |
| 610 | 2 | 0 | |a úver |
| 610 | 2 | 0 | |a dotácie |
| 610 | 2 | 0 | |a subvencie |
| 100 | 1 | |a Pósa, Ľ. | |